The Prophetic Medicine/ (Record no. 185184)

000 -LEADER
fixed length control field 00604 a2200169 4500
003 - CONTROL NUMBER IDENTIFIER
control field Nust
005 - DATE AND TIME OF LATEST TRANSACTION
control field 20221227133955.0
040 ## - CATALOGING SOURCE
Transcribing agency Nust
082 ## - DEWEY DECIMAL CLASSIFICATION NUMBER
Classification number 297.63, JAW
100 ## - MAIN ENTRY--PERSONAL NAME
Personal name AL - JAwziyyal, Ibn Qayyim
9 (RLIN) 106039
245 ## - TITLE STATEMENT
Title The Prophetic Medicine/
Statement of responsibility, etc. Ibn Qayyim AL - JAwziyyal
260 ## - PUBLICATION, DISTRIBUTION, ETC.
Place of publication, distribution, etc. Karachi
Name of publisher, distributor, etc. Darul Ishaat
Date of publication, distribution, etc. 1997
300 ## - PHYSICAL DESCRIPTION
Extent 479:p
505 ## - FORMATTED CONTENTS NOTE
Formatted contents note PART-1: The Treatment by the Natural Medicines (Page-29), PART-2: In His Guidance in the Treatment by the Divine Spiritual Simple and Compound Medicament s (Page-194), PART-3: (Page-342).
650 ## - SUBJECT ADDED ENTRY--TOPICAL TERM
Topical term or geographic name entry element The Prophetic
9 (RLIN) 106040
942 ## - ADDED ENTRY ELEMENTS (KOHA)
Source of classification or shelving scheme
Koha item type Book
Holdings
Withdrawn status Lost status Source of classification or shelving scheme Damaged status Not for loan Permanent Location Current Location Shelving location Date acquired Full call number Barcode Date last seen Price effective from Koha item type Public note
          Military College of Signals (MCS) Military College of Signals (MCS) General Stacks 12/12/2016 297.63,JAW MCS31304 12/08/2016 12/12/2016 Book Almirah No.47, Shelf No.5
© 2023 Central Library, National University of Sciences and Technology. All Rights Reserved.